000
00192 a2200097 4500
020
_a
9788434860667
041
_a
spa
100
_a
Cordova, Isabel
245
_a
Ada nunca tiene miedo
942
_c
BK
999
_c
9372
_d
9372